[Event "Wch U10"]
[Site "Batumi"]
[Date "2022.09.20"]
[Round "5"]
[White "Rashid, Husain Alhammadi"]
[Black "Yerseit, Amir"]
[Result "1-0"]
[WhiteElo "1290"]
[BlackElo "1116"]
[PlyCount "95"]
[EventDate "2022.09.16"]
[EventType "swiss"]
[EventRounds "11"]
[EventCountry "GEO"]
[SourceTitle "EXT 2023"]
[Source "ChessBase"]
[SourceDate "2022.10.05"]
[SourceVersion "1"]
[SourceVersionDate "2022.10.05"]
[SourceQuality "1"]

1. e4 e5 2. Nf3 Nc6 3. Bb5 a6 4. Ba4 Nf6 5. 0-0 b5 6. Bb3 Bc5 7. c3 d6 8. d4 Bb6 9. dxe5 Nxe5 10. Nxe5 dxe5 11. Qxd8+ Kxd8 12. Bxf7 Rf8 13. Bd5 Nxd5 14. exd5 Bb7 15. Bg5+ Kd7 16. c4 Bd4 17. Nc3 bxc4 18. Rad1 Rf5 19. Be3 Bxe3 20. fxe3 Raf8 21. Rxf5 Rxf5 22. Ne4 Ba8 23. Nc5+ Kd6 24. Nxa6 e4 25. Nb4 Kc5 26. Na6+ Kb6 27. d6 cxd6 28. Rxd6+ Kb7 29. Nb4 Kc7 30. Rd4 Bb7 31. Rxc4+ Kb6 32. Nc2 Ba6 33. Nd4 Rf1+ 34. Kxf1 Bxc4+ 35. Kf2 Bxa2 36. Kg3 Kc5 37. Kf4 Kd5 38. Ne2 Kc6 39. Nc3 Bg8 40. Kxe4 Kc5 41. Kf5 Kc4 42. e4 Kb3 43. e5 Kxb2 44. Nb5 Bd5 45. g4 Kb3 46. e6 Kb4 47. e7 Bc6 48. Nd6 1-0

[Event "Wch FIDE Online U10 Asia qual"]
[Site "Tornelo INT"]
[Date "2020.12.12"]
[Round "3"]
[White "Wang, Bingnan"]
[Black "Rashid, Husain Alhammadi"]
[Result "1-0"]
[WhiteElo "1553"]
[BlackElo "1188"]
[PlyCount "65"]
[EventDate "2020.12.11"]
[EventType "swiss (rapid)"]
[EventRounds "7"]
[EventCountry "ISS"]
[SourceTitle "EXT 2022"]
[Source "ChessBase"]
[SourceDate "2021.10.06"]
[SourceVersion "1"]
[SourceVersionDate "2021.10.06"]
[SourceQuality "1"]

1. e4 e5 2. Nf3 Nc6 3. Bb5 a6 4. Bxc6 dxc6 5. 0-0 Bg4 6. h3 h5 7. d3 Bc5 8. Be3 Bxe3 9. fxe3 Qe7 10. Nbd2 0-0-0 11. hxg4 hxg4 12. Nh2 Nh6 13. Nxg4 Qh4 14. Nxh6 Qxh6 15. Qf3 Qh2+ 16. Kf2 Rh6 17. Rh1 Qxh1 18. Rxh1 Rf6 19. Qxf6 gxf6 20. Rh6 Rd6 21. Nf3 Kd7 22. Nh4 Ke6 23. Nf5 Rd8 24. g4 Rg8 25. Kg3 c5 26. Kh4 b5 27. Rh7 c4 28. Rg7 Rf8 29. g5 Rd8 30. d4 Rh8+ 31. Kg4 Rd8 32. g6 fxg6 33. Re7# 1-0

[Event "Sharjah Ramadan op rapid"]
[Site "Sharjah"]
[Date "2019.05.15"]
[Round "7"]
[White "Rashid, Husain Alhammadi"]
[Black "Adhami, Hesham"]
[Result "0-1"]
[WhiteElo "1052"]
[BlackElo "2013"]
[PlyCount "72"]
[EventDate "2019.05.13"]
[EventType "swiss (rapid)"]
[EventRounds "9"]
[EventCountry "UAE"]
[SourceTitle "CBM 190 Extra"]
[Source "ChessBase"]
[SourceDate "2019.07.15"]
[SourceVersion "1"]
[SourceVersionDate "2019.07.15"]
[SourceQuality "1"]

1. e4 c5 2. Nc3 Nc6 3. f4 e6 4. Bb5 Nd4 5. Bc4 a6 6. a4 d6 7. Nf3 Nf6 8. 0-0 Be7 9. e5 Nd7 10. exd6 Bxd6 11. Nxd4 cxd4 12. Ne2 Qc7 13. Bb3 0-0 14. Kh1 Nc5 15. d3 e5 16. fxe5 Bxe5 17. Bf4 Bg4 18. Bxe5 Qxe5 19. Qc1 Qxe2 20. Bc4 Be6 21. Qg5 Nxa4 22. Rf3 Bxc4 23. dxc4 Nxb2 24. Rg3 g6 25. Qh6 Rae8 26. h3 Nxc4 27. Rg4 Ne3 28. Rg3 Nxc2 29. Ra5 Qe1+ 30. Kh2 Qxa5 31. Rg5 Qc7+ 32. Rg3 Re3 33. Qxe3 dxe3 34. h4 e2 35. h5 e1Q 36. hxg6 Qcxg3# 0-1